LEADER 01595nas 2200445- 450 001 9910375861703321 005 20190320055212.9 035 $a(DE-599)ZDB2690034-8 035 $a(OCoLC)800770462 035 $a(CKB)2560000000085233 035 $a(CONSER)--2012200387 035 $a(EXLCZ)992560000000085233 100 $a20120719a20129999 --- a 101 0 $aeng 135 $aur||||||||||| 181 $ctxt$2rdacontent 182 $cc$2rdamedia 183 $acr$2rdacarrier 200 00$aACM SIGUCCS plugged in 210 1$aNew York, NY :$cACM,$d2012- 311 $a2168-8516 517 1 $aSIGUCCS plugged in 517 1 $aSpecial Interest Group on University and College Computing Services plugged in 531 $aACM SIGUCCS PLUGGED IN 531 0 $aACM SIGUCCS plugged in 606 $aUniversities and colleges$xData processing$vPeriodicals 606 $aData processing service centers$vPeriodicals 606 $aData processing service centers$2fast$3(OCoLC)fst00887947 606 $aUniversities and colleges$xData processing$2fast$3(OCoLC)fst01161674 608 $aPeriodicals.$2fast 615 0$aUniversities and colleges$xData processing 615 0$aData processing service centers 615 7$aData processing service centers. 615 7$aUniversities and colleges$xData processing. 676 $a004 712 02$aAssociation for Computing Machinery.$bSpecial Interest Group on University and College Computing Services. 906 $aJOURNAL 912 $a9910375861703321 996 $aACM SIGUCCS plugged in$92145773 997 $aUNINA LEADER 01265nam 2200385I 450 001 9910229333503321 005 20150202101715.0 035 $a(CKB)3710000001362461 035 $a(OCoLC)902633347 035 $a(EXLCZ)993710000001362461 100 $a20150202d2014 ua 0 101 0 $aeng 135 $auran||||||||| 181 $ctxt$2rdacontent 182 $cc$2rdamedia 183 $acr$2rdacarrier 200 10$aEgypt $elegal framework for arbitration /$fprepared by Mohamed Oweis Taha 210 1$a[Washington, D.C.] :$cThe Law Library of Congress, Global Legal Research Center,$d2014. 215 $a1 online resource (10 pages) 300 $aTitle from PDF title page (viewed Feb. 2, 2015). 300 $a"August 2014." 320 $aIncludes bibliographical references. 517 $aEgypt 606 $aArbitration (Administrative law)$zEgypt 606 $aArbitration and award$zEgypt 615 0$aArbitration (Administrative law) 615 0$aArbitration and award 700 $aTaha$b Mohamed Oweis$01395334 712 02$aLaw Library of Congress (U.S.).$bGlobal Legal Research Directorate, 801 0$bGPO 801 1$bGPO 906 $aBOOK 912 $a9910229333503321 996 $aEgypt$93453659 997 $aUNINA